Представление документа в формате RUSMARC

ПолеНазваниеЗначение
  Тип записи a
  Библиографический уровень m
001 Контрольный номер RU/REG73/CBS_GRAD/1/712798554
005 Дата корректировки 20221122154850.6
010 Индекс ISBN __
a ISBN 978-5-699-93530-7
101 Язык документа __
a Язык текста rus
200 Заглавие и сведения об ответственности __
a Заглавие Пасхальные люди: рассказы о святых женах
f Первые сведения об ответственности И.В. Андреева
b Общее обозначение материала Текст
203 Вид содержания и тип средства __
a Вид содержания Текст (визуальный) : непосредственный
210 Выходные данные __
a Место издания Москва
c Издательство Эксмо
d Дата издания 2017
215 Физическое описание __
a Объем 256 с.
225 Серия __
a Серия Религия. Рассказы о духовной жизни
686 Индексы других классификаций __
a Классификационный индекс 86.3
700 Автор __
a Фамилия Андреева
g Полное личное имя Инна Валерьевна
801 Источник записи _0
a Страна RU
b Организация RuCBSGrad
g Правила каталогизации PSBO
801 Источник записи _1
a Страна RU
b Организация RuCBSGrad
g Правила каталогизации PSBO
901 Тип документа __
t Тип документа m
981 __
b i
2 isbdcontent
g e
982 __
b n
2 isbdmedia
993 __
a 145722
b 41523
e 288633
f ЦГБ
h 360.80
i 288633
m 1
n 44775
o I
x 1
y 6